000 00664nam a2200289Ia 4500
005 20260324133422.0
008 008 260324s9999 xx 000 0 eng d
020 _a9780203465707
037 _aEBOOK
040 _aCRL
040 _beng
040 _cCRL
041 _2eng
041 _aeng
084 _qCRL
100 _aNancy Sato
_91193024
245 0 _aInside Japanese Classrooms
245 4 _bThe Heart of Education
260 _bTaylor and Francis
260 _c2003
365 _a
365 _b315
856 _uhttp://www.taylorfrancis.com/books/9780203465707
942 _cEBOOK
999 _c1792030
_d1792030